Universitäten, die Tiermedizin anbieten - Statistiken

Allgemein
  • Dieses Quiz wurde 99 mal gespielt
  • Das Durchschnittsergebnis liegt bei 4 aus 5
Antwortstatistiken
Universität % Korrekt
Ludwig-Maximilians-Universität München
93%
Freie Universität Berlin
90%
Universität Leipzig
70%
Tierärztliche Hochschule Hannover
67%
Justus-Liebig-Universität Gießen
51%
Keine übereinstimmenden Quizze gefunden
Verteilung der Resultate
Anzahl Personen mit jedem Resultat
Perzentil nach korrekt beantworteten Fragen
Ihre Resultats-Entwicklung
Sie haben dieses Quiz noch nicht gespielt